Science, langage et nature - Statistiques

Statistiques générales
  • Ce quiz a été pris 8 fois
  • Le résultat moyen est 6 sur 15
Statistiques - réponses
Thèse Titre % Correct
L'autorité d'un discours vient de la forme et non du fond Les pensées
100%
Les expériences ne servent qu'à valider l'expérience même La théorie physique
60%
La science est utile uniquement si séparée des visions idéologiques Lyssenko
60%
La pensée existe dans et par le langage Dans la solitude des champs de coton
40%
Différenciation entre relation d'idées et faits Enquête sur l'entendement humain
40%
On distingue 6 fonction du langage Essais de linguistique générale
40%
L'induction doit être utilisé pour repérer le faux Introduction à l'étude de la médecine expérimentale
40%
La démonstration, contrairement à l'induction, n'apporte pas de nouvelles connaissances La Métaphysique
40%
L'histoire est une accumulation de révolution scientifique La structure des révolutions scientifiques
40%
Le langage opère une réduction de la réalité car il est général Le rire
40%
L'homme communique sur l'avantageux, le nuisible, le juste et l'injuste les politiques
40%
L'intelligence est la faculté qui consiste à produire et utiliser des outils L'évolution créatrice
40%
Le langage peut être une action via l'énoncé performatif Quand dire c'est faire
40%
Il n'existe pas de pensée en dehors des mots L'encyclopédie des sciences philosophiques
20%
Le signifiant est choisi arbitrairement, il ne désigne qu'un signifié Cours de linguistique générale
0%
Aucun quiz correspondant
Distribution des résultats
% des personnes avec chaque résultat
Percentile par nombre de réponses
Votre historique - résultats
Vous n’avez pas pris ce quiz